ბათუმის შოთა რუსთაველის სახელმწიფო უნივერსიტეტის ბიბლიოთეკა

ქართული პროზაწ. 37:დიდოსტატის კონსტანტინეს მარჯვენა;ნოველები (ბიბ.ჩანაწერი № 43703)

000 -LEADER
fixed length control field 01560nam a2200253Ia 4500
001 - CONTROL NUMBER
control field 10444
003 - CONTROL NUMBER IDENTIFIER
control field GE_BSU
008 - FIXED-LENGTH DATA ELEMENTS--GENERAL INFORMATION
fixed length control field 181216s||||||||xx |||||||||||||| ||und||
020 ## - INTERNATIONAL STANDARD BOOK NUMBER
International Standard Book Number 9992895276
040 ## - CATALOGING SOURCE
Transcribing agency GE_BSU
080 ## - UNIVERSAL DECIMAL CLASSIFICATION NUMBER
Universal Decimal Classification number 821.353.1-31+821.353.1-32
100 ## - MAIN ENTRY--PERSONAL NAME
Personal name გამსახურდია,კონსტანტინე
245 ## - TITLE STATEMENT
Title ქართული პროზაწ. 37:დიდოსტატის კონსტანტინეს მარჯვენა;ნოველები
245 ## - TITLE STATEMENT
Remainder of title წ.37:დიდოსტატის კონსტანტინეს მარჯვენა;ნოველები
245 ## - TITLE STATEMENT
Statement of responsibility, etc. სარედ.კოლ:გრ.აბაშიძე და სხვ. შემდგ:მანანა არჩვაძე-გამსახურდია;რედ:რუსუდან სირაძე;მხატვ:გიორგი ავსაჯანიშვილი,დავით დუნდუა.
260 ## - PUBLICATION, DISTRIBUTION, ETC.
Place of publication, distribution, etc. თბილისი
260 ## - PUBLICATION, DISTRIBUTION, ETC.
Name of publisher, distributor, etc. საქართველო-3
260 ## - PUBLICATION, DISTRIBUTION, ETC.
Date of publication, distribution, etc. 2005
300 ## - PHYSICAL DESCRIPTION
Extent 670გვ;20სმ.
520 ## - SUMMARY, ETC.
Summary, etc. ტექსტი მომზადებულია 1939წლის გამოცემის მიხედვით.
653 ## - INDEX TERM--UNCONTROLLED
Uncontrolled term ქართული პროზა/წ.37:დიდოსტატის კონსტანტინეს მარჯვენა;ნოველები/კონსტანტინე გამსახურდია.
942 ## - ADDED ENTRY ELEMENTS (KOHA)
Koha item type წიგნი
ეგზემპლარები
Withdrawn status Lost status Damaged status Not for loan Date acquired Barcode Date last seen Price effective from Koha item type
        2018-12-17 34242 2018-12-17 2018-12-17 წიგნი